[Event "7th Iberoamerican-ch 2019"]
[Site "Linares"]
[Date "2019.08.13"]
[Round "4.30"]
[White "Lopez Mulet, Inigo"]
[Black "Fernandez Ayuso, Sergio"]
[Result "1-0"]
[WhiteElo "2378"]
[BlackElo "2173"]
[Annotator "NA"]
[PlyCount "99"]
[EventDate "2019.08.10"]
[EventType "swiss"]
[EventCountry "ESP"]
[SourceTitle "playchess.com"]
[Source "ChessBase"]
[SourceQuality "1"]
[TimeControl "5400+30"]

1. d4 {[%emt 0:00:00]} Nf6 {[%emt 0:00:00]} 2. c4 {[%emt 0:00:00]} g6 {[%emt 0:00:00]} 3. g3 {[%emt 0:00:00]} Bg7 {[%emt 0:01:03]} 4. Bg2 {[%emt 0:00:00]} O-O {[%emt 0:00:08]} 5. Nc3 {[%emt 0:00:01]} d6 {[%emt 0:00:14]} 6. Nf3 {[%emt 0:00:06]} c6 {[%emt 0:00:43]} 7. O-O {[%emt 0:00:24]} Nbd7 {[%emt 0:00:48]} 8. e4 {[%emt 0:00:45]} e5 {[%emt 0:03:05]} 9. h3 {[%emt 0:00:36]} Qe7 {[%emt 0:01:34]} 10. Be3 {[%emt 0:01:40]} b6 {[%emt 0:02:14]} 11. Re1 {[%emt 0:03:31]} Bb7 {[%emt 0:00:57]} 12. Qd2 {[%emt 0:01:44]} Rfe8 {[%emt 0:03:22]} 13. Bh6 {[%emt 0:07:23]} Bxh6 {[%emt 0:06:01]} 14. Qxh6 {[%emt 0:00:09]} Qf8 {[%emt 0:00:05]} 15. Qd2 {[%emt 0:00:59]} Rad8 {[%emt 0:00:47]} 16. Qc2 {[%emt 0:15:39]} h6 {[%emt 0:11:16]} 17. Re2 {[%emt 0:03:00]} Kg7 {[%emt 0:06:40]} 18. d5 {[%emt 0:07:09]} c5 {[%emt 0:03:37]} 19. Rf1 {[%emt 0:01:41]} Qe7 {[%emt 0:03:09]} 20. Ne1 {[%emt 0:02:44]} Nh5 {[%emt 0:05:22]} 21. Nd3 {[%emt 0:00:53]} Kh7 {[%emt 0:00:54]} 22. a3 {[%emt 0:02:26]} Rc8 {[%emt 0:01:14]} 23. Kh2 {[%emt 0:01:09]} f6 {[%emt 0:07:01]} 24. Nd1 {[%emt 0:04:27]} Ng7 {[%emt 0:02:58]} 25. Ne3 {[%emt 0:00:11]} Rb8 {[%emt 0:03:11]} 26. b4 {[%emt 0:01:00]} Rec8 {[%emt 0:00:36]} 27. Qd2 {[%emt 0:01:23]} h5 {[%emt 0:05:11]} 28. f4 {[%emt 0:01:46]} Ra8 {[%emt 0:01:29]} 29. Ref2 {[%emt 0:01:44]} cxb4 {[%emt 0:04:06]} 30. axb4 {[%emt 0:00:33]} Rf8 {[%emt 0:01:10]} 31. b5 {[%emt 0:03:38]} a5 {[%emt 0:00:47]} 32. bxa6 {[%emt 0:00:07]} Rxa6 {[%emt 0:01:17]} 33. Nb4 {[%emt 0:00:27]} Raa8 {[%emt 0:04:07]} 34. Nc6 {[%emt 0:00:49]} Qe8 {[%emt 0:00:05]} 35. Qb4 {[%emt 0:03:47]} exf4 {[%emt 0:04:02]} 36. Rxf4 {[%emt 0:00:53]} Bxc6 {[%emt 0:01:43]} 37. dxc6 {[%emt 0:00:07]} Nc5 {[%emt 0:00:07]} 38. Nd5 {[%emt 0:05:50]} Nd3 {[%emt 0:04:30]} 39. Qxd6 {[%emt 0:00:16]} Nxf4 {[%emt 0:00:16]} 40. Qxf4 {[%emt 0:00:15]} Qxc6 {[%emt 0:04:12]} 41. Nxf6+ {[%emt 0:01:26]} Rxf6 {[%emt 0:00:10]} 42. Qxf6 {[%emt 0:00:06]} Qxf6 {[%emt 0:00:36]} 43. Rxf6 {[%emt 0:00:12]} Rc8 {[%emt 0:00:14]} 44. Bf1 {[%emt 0:01:44]} Re8 {[%emt 0:05:21]} 45. Rxb6 {[%emt 0:00:16]} Rxe4 {[%emt 0:00:03]} 46. Bd3 {[%emt 0:00:20]} Re6 {[%emt 0:00:03]} 47. c5 {[%emt 0:00:08]} Kh6 {[%emt 0:01:57]} 48. h4 {[%emt 0:00:15]} Kh7 {[%emt 0:01:16]} 49. Kg2 {[%emt 0:00:21]} Kh8 {[%emt 0:00:53]} 50. Bxg6 {[%emt 0:00:15]} 1-0

[Event "7th Iberoamerican-ch 2019"]
[Site "Linares"]
[Date "2019.08.13"]
[Round "4.31"]
[White "Garcia Martin, Marta"]
[Black "Vega Gutierrez, Belinda"]
[Result "1-0"]
[WhiteElo "2335"]
[BlackElo "2133"]
[Annotator "NA"]
[PlyCount "87"]
[EventDate "2019.08.10"]
[EventType "swiss"]
[EventCountry "ESP"]
[SourceTitle "playchess.com"]
[Source "ChessBase"]
[SourceQuality "1"]
[TimeControl "5400+30"]

1. e4 {[%emt 0:00:00]} e5 {[%emt 0:00:00]} 2. Nf3 {[%emt 0:00:00]} Nc6 {[%emt 0:00:00]} 3. Bc4 {[%emt 0:00:00]} Nf6 {[%emt 0:00:00]} 4. d3 {[%emt 0:00:00]} Be7 {[%emt 0:00:03]} 5. O-O {[%emt 0:00:01]} O-O {[%emt 0:00:10]} 6. Re1 {[%emt 0:00:06]} d6 {[%emt 0:00:09]} 7. a4 {[%emt 0:00:09]} Be6 {[%emt 0:00:12]} 8. Nbd2 {[%emt 0:07:35]} Bxc4 {[%emt 0:01:42]} 9. Nxc4 {[%emt 0:00:17]} Re8 {[%emt 0:00:24]} 10. a5 {[%emt 0:12:31]} a6 {[%emt 0:02:31]} 11. c3 {[%emt 0:00:43]} Qd7 {[%emt 0:09:28]} 12. Qb3 {[%emt 0:03:22]} Bf8 {[%emt 0:00:44]} 13. Bg5 {[%emt 0:11:39]} Nh5 {[%emt 0:09:19]} 14. h3 {[%emt 0:17:55]} h6 {[%emt 0:00:46]} 15. Bd2 {[%emt 0:00:24]} Nf6 {[%emt 0:09:12]} 16. Ne3 {[%emt 0:00:46]} g6 {[%emt 0:02:22]} 17. Nh2 {[%emt 0:08:39]} Bg7 {[%emt 0:02:02]} 18. Nhg4 {[%emt 0:00:43]} Nxg4 {[%emt 0:07:16]} 19. hxg4 {[%emt 0:00:04]} Ne7 {[%emt 0:12:18]} 20. Ra4 {[%emt 0:11:23]} Rab8 {[%emt 0:00:27]} 21. g3 {[%emt 0:03:46]} Red8 {[%emt 0:03:32]} 22. c4 {[%emt 0:04:10]} Nc6 {[%emt 0:03:29]} 23. Qd1 {[%emt 0:00:06]} Nd4 {[%emt 0:00:37]} 24. Ra1 {[%emt 0:03:44]} c6 {[%emt 0:01:25]} 25. Kg2 {[%emt 0:00:16]} Rf8 {[%emt 0:02:34]} 26. Bc3 {[%emt 0:01:25]} Rbd8 {[%emt 0:12:58]} 27. Rh1 {[%emt 0:00:37]} Qe7 {[%emt 0:00:59]} 28. f4 {[%emt 0:03:08]} exf4 {[%emt 0:15:42]} 29. gxf4 {[%emt 0:05:58]} f5 {[%emt 0:00:28]} 30. Bxd4 {[%emt 0:00:30]} Bxd4 {[%emt 0:00:30]} 31. gxf5 {[%emt 0:00:52]} Bxe3 {[%emt 0:02:45]} 32. Qg4 Qg7 33. Kf3 {[%emt 0:01:40]} h5 {[%emt 0:01:37]} 34. Qg5 {[%emt 0:01:50]} Bd4 {[%emt 0:00:40]} 35. fxg6 {[%emt 0:01:13]} Rf6 {[%emt 0:00:22]} 36. f5 {[%emt 0:01:03]} Rdf8 {[%emt 0:00:06]} 37. Ke2 {[%emt 0:00:54]} d5 {[%emt 0:00:47]} 38. Rxh5 {[%emt 0:00:42]} Rxf5 {[%emt 0:00:44]} 39. exf5 {[%emt 0:00:36]} Qe5+ {[%emt 0:00:26]} 40. Kf3 {[%emt 0:00:35]} Re8 {[%emt 0:00:13]} 41. Qd2 {[%emt 0:00:31]} Be3 {[%emt 0:00:26]} 42. Qh2 {[%emt 0:00:20]} Bf4 {[%emt 0:00:42]} 43. Rh8+ {[%emt 0:00:32]} Qxh8 {[%emt 0:00:16]} 44. Qxh8+ {[%emt 0:00:05]} 1-0

[Event "7th Iberoamerican-ch 2019"]
[Site "Linares"]
[Date "2019.08.13"]
[Round "4.32"]
[White "Garcia, Jhoel"]
[Black "Gil Quilez, Sonia"]
[Result "0-1"]
[WhiteElo "2290"]
[BlackElo "2077"]
[Annotator "NA"]
[PlyCount "61"]
[EventDate "2019.08.10"]
[EventType "swiss"]
[EventCountry "ESP"]
[SourceTitle "playchess.com"]
[Source "ChessBase"]
[SourceQuality "1"]
[TimeControl "5400+30"]

1. Nf3 {[%emt 0:05:27]} d5 {[%emt 0:00:00]} 2. d4 {[%emt 0:00:08]} Nf6 {[%emt 0:00:05]} 3. c4 {[%emt 0:00:05]} c6 {[%emt 0:00:15]} 4. Nc3 {[%emt 0:00:12]} e6 {[%emt 0:00:27]} 5. Bg5 {[%emt 0:00:20]} Nbd7 {[%emt 0:00:46]} 6. e3 {[%emt 0:02:42]} Qa5 {[%emt 0:02:36]} 7. Nd2 {[%emt 0:16:09]} dxc4 {[%emt 0:02:35]} 8. Bh4 {[%emt 0:02:31]} b5 {[%emt 0:02:13]} 9. a4 {[%emt 0:16:51]} Qb6 {[%emt 0:06:08]} 10. Be2 {[%emt 0:00:57]} a6 {[%emt 0:02:47]} 11. O-O {[%emt 0:02:01]} Bb7 {[%emt 0:02:11]} 12. b3 {[%emt 0:04:24]} Nd5 {[%emt 0:08:16]} 13. Qc2 {[%emt 0:10:13]} Bb4 {[%emt 0:18:27]} 14. Nce4 {[%emt 0:02:32]} c3 {[%emt 0:22:43]} 15. Nb1 {[%emt 0:00:34]} c5 {[%emt 0:00:56]} 16. dxc5 {[%emt 0:02:58]} Nxc5 {[%emt 0:00:48]} 17. Nbxc3 {[%emt 0:00:25]} Nxe4 {[%emt 0:01:34]} 18. Nxe4 {[%emt 0:00:30]} Nxe3 {[%emt 0:05:04]} 19. fxe3 {[%emt 0:01:16]} Qxe3+ {[%emt 0:00:38]} 20. Nf2 {[%emt 0:00:39]} Bc3 {[%emt 0:05:37]} 21. Rad1 {[%emt 0:03:18]} b4 {[%emt 0:01:04]} 22. Qd3 {[%emt 0:00:12]} Qxd3 {[%emt 0:01:14]} 23. Nxd3 {[%emt 0:00:23]} Rc8 {[%emt 0:01:22]} 24. Bf2 {[%emt 0:01:03]} Bd5 {[%emt 0:02:52]} 25. Nc5 {[%emt 0:01:38]} a5 {[%emt 0:00:36]} 26. Bf3 {[%emt 0:01:19]} Bxf3 {[%emt 0:04:09]} 27. gxf3 {[%emt 0:00:10]} Bf6 {[%emt 0:03:53]} 28. Nb7 {[%emt 0:01:40]} Ra8 {[%emt 0:02:07]} 29. Bb6 {[%emt 0:02:29]} O-O {[%emt 0:00:51]} 30. Nxa5 {[%emt 0:00:18]} Rfb8 {[%emt 0:00:44]} 31. Nc4 {[%emt 0:00:13]} 0-1

[Event "7th Iberoamerican-ch 2019"]
[Site "Linares"]
[Date "2019.08.13"]
[Round "4.33"]
[White "Moral Garcia, Serafin"]
[Black "Paiva, Henrique M A Alberga"]
[Result "1-0"]
[WhiteElo "2283"]
[BlackElo "2122"]
[Annotator "NA"]
[PlyCount "97"]
[EventDate "2019.08.10"]
[EventType "swiss"]
[EventCountry "ESP"]
[SourceTitle "playchess.com"]
[Source "ChessBase"]
[SourceQuality "1"]
[TimeControl "5400+30"]

1. d4 {[%emt 0:00:00]} d5 {[%emt 0:00:00]} 2. Nc3 {[%emt 0:00:04]} Nf6 {[%emt 0:00:08]} 3. Bf4 {[%emt 0:02:01]} c6 {[%emt 0:01:24]} 4. e3 {[%emt 0:01:33]} Bf5 {[%emt 0:01:59]} 5. f3 {[%emt 0:01:41]} h6 {[%emt 0:05:07]} 6. g4 {[%emt 0:00:58]} Bg6 {[%emt 0:00:39]} 7. h4 {[%emt 0:00:42]} Nbd7 {[%emt 0:03:08]} 8. Bd3 {[%emt 0:02:05]} Bxd3 {[%emt 0:06:47]} 9. Qxd3 {[%emt 0:00:28]} Qa5 {[%emt 0:02:23]} 10. e4 {[%emt 0:06:36]} dxe4 {[%emt 0:05:09]} 11. fxe4 {[%emt 0:00:10]} e5 {[%emt 0:00:41]} 12. Bd2 {[%emt 0:13:37]} Qc7 {[%emt 0:08:36]} 13. d5 {[%emt 0:03:15]} O-O-O {[%emt 0:18:30]} 14. g5 {[%emt 0:02:45]} hxg5 {[%emt 0:03:21]} 15. Bxg5 {[%emt 0:00:13]} Nc5 {[%emt 0:00:07]} 16. Qf3 {[%emt 0:01:25]} Be7 {[%emt 0:00:48]} 17. O-O-O {[%emt 0:01:28]} Kb8 {[%emt 0:02:23]} 18. Nge2 {[%emt 0:01:26]} cxd5 {[%emt 0:03:25]} 19. exd5 {[%emt 0:00:50]} a6 {[%emt 0:00:13]} 20. Ng3 {[%emt 0:00:45]} Qb6 {[%emt 0:04:30]} 21. Nf5 {[%emt 0:02:58]} Bf8 {[%emt 0:00:03]} 22. Rhf1 {[%emt 0:08:57]} Rd7 {[%emt 0:02:58]} 23. Qg3 {[%emt 0:02:56]} Bd6 {[%emt 0:01:45]} 24. Bxf6 {[%emt 0:02:46]} gxf6 {[%emt 0:00:08]} 25. Qg7 {[%emt 0:02:14]} Qd8 {[%emt 0:06:43]} 26. Qg4 {[%emt 0:04:22]} Rg8 {[%emt 0:01:21]} 27. Qe2 {[%emt 0:02:14]} Qb6 {[%emt 0:03:28]} 28. h5 {[%emt 0:02:14]} e4 {[%emt 0:00:57]} 29. Nxd6 {[%emt 0:02:29]} Qxd6 {[%emt 0:00:18]} 30. Rf5 {[%emt 0:05:44]} Rg5 {[%emt 0:04:34]} 31. Nxe4 {[%emt 0:01:40]} Nxe4 {[%emt 0:02:09]} 32. Qxe4 {[%emt 0:00:01]} Re7 {[%emt 0:00:01]} 33. Qf3 {[%emt 0:02:35]} Rc7 {[%emt 0:02:20]} 34. c3 {[%emt 0:04:57]} Qh2 {[%emt 0:05:00]} 35. Rxg5 {[%emt 0:05:10]} fxg5 {[%emt 0:00:06]} 36. Qg4 {[%emt 0:00:40]} Qd6 {[%emt 0:05:01]} 37. Qxg5 {[%emt 0:00:35]} f6 {[%emt 0:01:19]} 38. Qf5 {[%emt 0:01:32]} b5 {[%emt 0:00:41]} 39. Kb1 {[%emt 0:01:26]} b4 {[%emt 0:00:13]} 40. cxb4 {[%emt 0:01:11]} Rc4 {[%emt 0:00:51]} 41. a3 {[%emt 0:00:32]} Qh2 {[%emt 0:00:31]} 42. d6 {[%emt 0:01:56]} Rf4 {[%emt 0:00:04]} 43. Qc2 {[%emt 0:00:26]} Rf2 {[%emt 0:00:06]} 44. Qb3 {[%emt 0:00:49]} Rd2 {[%emt 0:00:46]} 45. Rxd2 {[%emt 0:00:26]} Qxd2 {[%emt 0:00:05]} 46. Qe6 {[%emt 0:00:30]} Kb7 {[%emt 0:00:34]} 47. Qf7+ {[%emt 0:00:55]} Kc6 {[%emt 0:01:00]} 48. Qc7+ {[%emt 0:00:06]} Kd5 {[%emt 0:00:18]} 49. d7 {[%emt 0:00:46]} 1-0

[Event "7th Iberoamerican-ch 2019"]
[Site "Linares"]
[Date "2019.08.13"]
[Round "4.34"]
[White "Lacayo, Rene"]
[Black "Garcia Morales, Ivette Ale"]
[Result "1-0"]
[WhiteElo "2240"]
[BlackElo "1998"]
[Annotator "NA"]
[PlyCount "79"]
[EventDate "2019.08.10"]
[EventType "swiss"]
[EventCountry "ESP"]
[SourceTitle "playchess.com"]
[Source "ChessBase"]
[SourceQuality "1"]
[TimeControl "5400+30"]

1. d4 {[%emt 0:00:58]} e6 {[%emt 0:00:00]} 2. Nf3 {[%emt 0:00:13]} Nf6 {[%emt 0:00:00]} 3. Bg5 {[%emt 0:00:38]} b6 {[%emt 0:00:20]} 4. e3 {[%emt 0:00:58]} Bb7 {[%emt 0:00:21]} 5. Nbd2 {[%emt 0:00:26]} Be7 {[%emt 0:01:58]} 6. Bd3 {[%emt 0:00:20]} O-O {[%emt 0:04:01]} 7. e4 {[%emt 0:03:09]} d6 {[%emt 0:03:13]} 8. Qe2 {[%emt 0:02:37]} h6 {[%emt 0:08:13]} 9. Bf4 {[%emt 0:10:26]} Nfd7 {[%emt 0:12:50]} 10. O-O {[%emt 0:23:22]} a5 {[%emt 0:08:47]} 11. Rfd1 {[%emt 0:03:28]} Ba6 {[%emt 0:06:06]} 12. c4 {[%emt 0:01:37]} Nc6 {[%emt 0:10:12]} 13. e5 {[%emt 0:10:19]} dxe5 {[%emt 0:11:57]} 14. dxe5 {[%emt 0:00:06]} Nc5 {[%emt 0:00:30]} 15. Be4 {[%emt 0:02:37]} Nxe4 {[%emt 0:01:54]} 16. Nxe4 {[%emt 0:00:02]} Qc8 {[%emt 0:03:19]} 17. Nd4 {[%emt 0:20:49]} Nxd4 {[%emt 0:02:13]} 18. Rxd4 {[%emt 0:00:01]} Rd8 {[%emt 0:01:51]} 19. Rad1 {[%emt 0:00:03]} Rxd4 {[%emt 0:01:06]} 20. Rxd4 {[%emt 0:00:02]} Bb7 {[%emt 0:07:51]} 21. Rd3 {[%emt 0:06:12]} Bxe4 {[%emt 0:01:24]} 22. Qxe4 {[%emt 0:00:16]} Qe8 {[%emt 0:01:40]} 23. h3 {[%emt 0:02:35]} Rd8 {[%emt 0:01:28]} 24. Rg3 {[%emt 0:02:05]} Kh8 {[%emt 0:00:25]} 25. Be3 {[%emt 0:01:20]} Qd7 {[%emt 0:01:00]} 26. Kh2 {[%emt 0:00:22]} Bc5 {[%emt 0:07:42]} 27. Qg4 {[%emt 0:05:42]} g6 {[%emt 0:00:24]} 28. Bxh6 {[%emt 0:02:08]} Bxf2 {[%emt 0:00:30]} 29. Rf3 {[%emt 0:00:01]} Bc5 {[%emt 0:01:25]} 30. Qh4 {[%emt 0:00:39]} Kg8 {[%emt 0:00:49]} 31. Qf6 {[%emt 0:01:14]} Bf8 {[%emt 0:00:06]} 32. Bxf8 {[%emt 0:00:10]} Rxf8 {[%emt 0:00:29]} 33. h4 {[%emt 0:00:50]} Qd8 {[%emt 0:00:13]} 34. Qf4 {[%emt 0:00:02]} Kg7 {[%emt 0:00:43]} 35. h5 {[%emt 0:00:16]} g5 {[%emt 0:01:14]} 36. Qg4 {[%emt 0:00:14]} f5 {[%emt 0:00:34]} 37. exf6+ {[%emt 0:00:15]} Kh6 {[%emt 0:00:15]} 38. Qxe6 {[%emt 0:00:32]} Re8 {[%emt 0:00:58]} 39. Qf5 {[%emt 0:01:21]} Qd6+ {[%emt 0:00:08]} 40. Rg3 {[%emt 0:00:13]} 1-0

[Event "7th Iberoamerican-ch 2019"]
[Site "Linares"]
[Date "2019.08.13"]
[Round "4.35"]
[White "Balbuena Fuentes, Mario"]
[Black "Alvarez Morales, Miguel"]
[Result "*"]
[WhiteElo "2266"]
[BlackElo "1965"]
[Annotator "NA"]
[PlyCount "39"]
[EventDate "2019.08.10"]
[EventType "swiss"]
[EventCountry "ESP"]
[SourceTitle "playchess.com"]
[Source "ChessBase"]
[SourceQuality "1"]
[TimeControl "5400+30"]

1. e4 {[%emt 0:00:00]} c5 {[%emt 0:00:00]} 2. Nc3 {[%emt 0:00:00]} e6 {[%emt 0:00:00]} 3. f4 {[%emt 0:01:46]} d5 {[%emt 0:00:00]} 4. Nf3 {[%emt 0:00:51]} Nf6 {[%emt 0:02:49]} 5. e5 {[%emt 0:01:25]} Nfd7 {[%emt 0:00:03]} 6. d4 {[%emt 0:00:23]} cxd4 {[%emt 0:00:16]} 7. Nxd4 {[%emt 0:00:29]} Nc6 {[%emt 0:00:02]} 8. Be3 {[%emt 0:00:36]} Bb4 {[%emt 0:00:21]} 9. Be2 {[%emt 0:06:40]} Qa5 {[%emt 0:03:01]} 10. O-O {[%emt 0:05:36]} Nxd4 {[%emt 0:02:36]} 11. Bxd4 {[%emt 0:00:38]} a6 {[%emt 0:00:40]} 12. f5 {[%emt 0:09:26]} exf5 {[%emt 0:01:10]} 13. e6 {[%emt 0:11:25]} fxe6 {[%emt 0:00:15]} 14. Bxg7 {[%emt 0:00:54]} Rg8 {[%emt 0:01:52]} 15. Bd4 {[%emt 0:01:58]} Bc5 {[%emt 0:04:06]} 16. Kh1 {[%emt 0:10:34]} Bxd4 {[%emt 0:02:54]} 17. Qxd4 {[%emt 0:00:03]} Qc5 {[%emt 0:00:57]} 18. Bh5+ {[%emt 0:03:46]} Kd8 {[%emt 0:00:26]} 19. Qf4 {[%emt 0:01:10]} Nf6 {[%emt 0:03:22]} 20. Bf3 {[%emt 0:09:20]} *

[Event "7th Iberoamerican-ch 2019"]
[Site "Linares"]
[Date "2019.08.13"]
[Round "4.36"]
[White "Calzetta Ruiz, Monica"]
[Black "Serrano Garcia, Luis"]
[Result "1-0"]
[WhiteElo "2257"]
[BlackElo "1902"]
[Annotator "NA"]
[PlyCount "47"]
[EventDate "2019.08.10"]
[EventType "swiss"]
[EventCountry "ESP"]
[SourceTitle "playchess.com"]
[Source "ChessBase"]
[SourceQuality "1"]
[TimeControl "5400+30"]

1. e4 {[%emt 0:00:00]} e5 {[%emt 0:00:00]} 2. Nf3 {[%emt 0:00:00]} Nc6 {[%emt 0:00:00]} 3. Bb5 {[%emt 0:00:00]} a6 {[%emt 0:00:00]} 4. Ba4 {[%emt 0:00:00]} Nf6 {[%emt 0:00:02]} 5. d3 {[%emt 0:00:31]} b5 {[%emt 0:01:52]} 6. Bb3 {[%emt 0:00:06]} Be7 {[%emt 0:01:48]} 7. a4 {[%emt 0:03:15]} Bb7 {[%emt 0:00:55]} 8. Nc3 {[%emt 0:02:54]} b4 {[%emt 0:01:41]} 9. Nd5 {[%emt 0:01:51]} Nxd5 {[%emt 0:08:45]} 10. Bxd5 {[%emt 0:03:52]} d6 {[%emt 0:04:01]} 11. c3 {[%emt 0:16:12]} Rb8 {[%emt 0:17:41]} 12. a5 {[%emt 0:07:16]} O-O {[%emt 0:05:27]} 13. Qa4 {[%emt 0:05:01]} Na7 {[%emt 0:10:05]} 14. cxb4 {[%emt 0:11:09]} Bxd5 {[%emt 0:00:34]} 15. exd5 {[%emt 0:00:22]} Rb5 {[%emt 0:01:45]} 16. Be3 {[%emt 0:09:32]} Qa8 {[%emt 0:03:47]} 17. O-O {[%emt 0:08:18]} Rxd5 {[%emt 0:01:27]} 18. Rfc1 {[%emt 0:00:35]} Nb5 {[%emt 0:01:06]} 19. Qb3 {[%emt 0:00:24]} Qb7 {[%emt 0:08:27]} 20. Rc4 {[%emt 0:00:44]} f5 {[%emt 0:02:02]} 21. Rac1 {[%emt 0:00:49]} Rxd3 {[%emt 0:18:47]} 22. Qxd3 {[%emt 0:00:46]} e4 {[%emt 0:00:35]} 23. Qb3 {[%emt 0:01:08]} d5 {[%emt 0:02:30]} 24. Ne5 {[%emt 0:03:21]} 1-0

[Event "7th Iberoamerican-ch 2019"]
[Site "Linares"]
[Date "2019.08.13"]
[Round "4.37"]
[White "Luque Saiz, Andres"]
[Black "Silva Rodriguez, Fernando"]
[Result "0-1"]
[WhiteElo "1988"]
[BlackElo "2270"]
[Annotator "NA"]
[PlyCount "105"]
[EventDate "2019.08.10"]
[EventType "swiss"]
[EventCountry "ESP"]
[SourceTitle "playchess.com"]
[Source "ChessBase"]
[SourceQuality "1"]
[TimeControl "5400+30"]

1. e4 {[%emt 0:00:00]} e5 {[%emt 0:00:06]} 2. Nf3 {[%emt 0:00:00]} Nc6 3. Bc4 {[%emt 0:00:26]} Bc5 {[%emt 0:00:36]} 4. c3 {[%emt 0:01:03]} Nf6 {[%emt 0:00:10]} 5. d3 {[%emt 0:00:14]} d6 {[%emt 0:00:26]} 6. O-O {[%emt 0:01:26]} O-O {[%emt 0:00:11]} 7. Nbd2 {[%emt 0:02:26]} a5 {[%emt 0:00:43]} 8. h3 {[%emt 0:06:19]} Be6 {[%emt 0:01:15]} 9. Re1 {[%emt 0:05:18]} h6 {[%emt 0:11:17]} 10. a4 {[%emt 0:07:18]} Qb8 {[%emt 0:01:33]} 11. Nf1 {[%emt 0:15:30]} Qa7 {[%emt 0:04:37]} 12. Qe2 {[%emt 0:03:01]} Ne7 {[%emt 0:23:07]} 13. Rd1 {[%emt 0:05:32]} Bb6 {[%emt 0:04:20]} 14. Ng3 {[%emt 0:06:49]} Rae8 {[%emt 0:08:52]} 15. Ba2 {[%emt 0:15:37]} Ng6 {[%emt 0:01:35]} 16. d4 {[%emt 0:05:01]} exd4 {[%emt 0:04:58]} 17. cxd4 {[%emt 0:00:10]} Bxa2 {[%emt 0:01:36]} 18. Rxa2 Nxe4 {[%emt 0:13:51]} 19. Nxe4 {[%emt 0:00:54]} d5 {[%emt 0:00:05]} 20. Nf6+ {[%emt 0:00:53]} gxf6 {[%emt 0:00:06]} 21. Qd3 {[%emt 0:06:24]} Kg7 {[%emt 0:00:54]} 22. Qd2 {[%emt 0:02:46]} Rh8 {[%emt 0:00:12]} 23. b4 {[%emt 0:01:53]} Re4 {[%emt 0:01:11]} 24. Bb2 {[%emt 0:00:43]} axb4 {[%emt 0:03:24]} 25. Qxb4 {[%emt 0:00:26]} Ba5 {[%emt 0:00:18]} 26. Qb3 {[%emt 0:00:55]} c6 {[%emt 0:00:08]} 27. Nd2 {[%emt 0:01:56]} Re2 {[%emt 0:03:36]} 28. Qd3 {[%emt 0:01:34]} Rhe8 {[%emt 0:00:20]} 29. Bc3 {[%emt 0:01:42]} R8e7 {[%emt 0:04:31]} 30. Raa1 {[%emt 0:02:36]} Bxc3 {[%emt 0:03:31]} 31. Qxc3 {[%emt 0:00:06]} Qb8 {[%emt 0:00:10]} 32. Nf1 {[%emt 0:02:48]} Qf4 {[%emt 0:02:20]} 33. Qg3 {[%emt 0:00:10]} R2e4 {[%emt 0:01:08]} 34. Ne3 {[%emt 0:01:49]} Kh7 {[%emt 0:01:40]} 35. Qxf4 {[%emt 0:01:07]} Nxf4 {[%emt 0:00:08]} 36. Rd2 {[%emt 0:00:41]} Rxd4 {[%emt 0:00:47]} 37. Rb2 {[%emt 0:01:11]} Rde4 {[%emt 0:00:42]} 38. Rab1 {[%emt 0:00:56]} d4 {[%emt 0:03:09]} 39. Nf5 {[%emt 0:01:15]} Re1+ {[%emt 0:00:06]} 40. Rxe1 {[%emt 0:00:05]} Rxe1+ {[%emt 0:00:06]} 41. Kh2 {[%emt 0:00:07]} d3 {[%emt 0:00:46]} 42. Kg3 {[%emt 0:01:16]} Nd5 {[%emt 0:00:13]} 43. Rd2 {[%emt 0:00:28]} Nb4 {[%emt 0:00:26]} 44. Nd6 {[%emt 0:00:17]} c5 {[%emt 0:00:44]} 45. Kf3 {[%emt 0:00:38]} Re6 {[%emt 0:00:51]} 46. Nc4 {[%emt 0:00:25]} f5 {[%emt 0:00:38]} 47. Nb2 {[%emt 0:00:22]} Rd6 {[%emt 0:01:13]} 48. Ke3 {[%emt 0:00:32]} f4+ {[%emt 0:00:39]} 49. Kxf4 c4 {[%emt 0:00:23]} 50. Ke5 {[%emt 0:01:19]} Rd5+ {[%emt 0:00:13]} 51. Ke4 {[%emt 0:00:30]} f5+ {[%emt 0:00:53]} 52. Ke3 {[%emt 0:00:11]} c3 {[%emt 0:00:26]} 53. Rxd3 {[%emt 0:00:52]} 0-1